[Event "Titled Tuesday intern op 07th Feb Early"]
[Site "Chess.com INT"]
[Date "2023.02.07"]
[Round "4"]
[White "Borges Feria, Yasel"]
[Black "Baghdasaryan, Vahe"]
[Result "1-0"]
[WhiteElo "2439"]
[BlackElo "2257"]
[PlyCount "103"]
[EventDate "2023.02.07"]
[EventType "swiss (blitz)"]
[EventRounds "11"]
[EventCountry "USA"]
[SourceTitle "EXT 2024"]
[Source "ChessBase"]
[SourceDate "2023.10.10"]
[SourceVersion "1"]
[SourceVersionDate "2023.10.10"]
[SourceQuality "1"]

1. d4 d5 2. c4 c6 3. Nf3 Nf6 4. Qc2 dxc4 5. Qxc4 Bf5 6. g3 e6 7. Bg2 Be7 8. 0-0 0-0 9. Rd1 Nbd7 10. e3 Bg6 11. Qe2 Qc7 12. Nc3 Rfe8 13. e4 e5 14. dxe5 Nxe5 15. Nxe5 Qxe5 16. Bf4 Qa5 17. f3 Bb4 18. Bd2 Rad8 19. Kh1 Nd5 20. Rac1 Bxc3 21. Bxc3 Qxa2 22. Qd2 Qb3 23. exd5 Rxd5 24. Re1 Red8 25. Qe2 f6 26. f4 R5d6 27. Bf1 Bf7 28. Qf2 a5 29. Kg1 a4 30. Qc2 b5 31. Qxb3 Bxb3 32. Bb4 Rd4 33. Ba5 Ra8 34. Bb6 Rd2 35. Re2 Rxe2 36. Bxe2 Bd5 37. Bc5 Rb8 38. Bd1 Re8 39. Kf2 Re4 40. Bf3 Rc4 41. Rxc4 Bxc4 42. Bxc6 Kf7 43. Ke3 Ke6 44. Kd4 Bf1 45. Bd5+ Kd7 46. Be4 g6 47. Bb4 f5 48. Bd5 h6 49. Kc5 g5 50. Bc6+ Ke6 51. Bxb5 gxf4 52. Bxf1 1-0

[Event "Titled Tuesday intern op 07th Feb Late"]
[Site "Chess.com INT"]
[Date "2023.02.07"]
[Round "3"]
[White "Borges Feria, Yasel"]
[Black "Duda, Jan Krzysztof"]
[Result "0-1"]
[WhiteElo "2439"]
[BlackElo "2729"]
[PlyCount "52"]
[EventDate "2023.02.07"]
[EventType "swiss (blitz)"]
[EventRounds "11"]
[EventCountry "USA"]
[SourceTitle "EXT 2024"]
[Source "ChessBase"]
[SourceDate "2023.10.10"]
[SourceVersion "1"]
[SourceVersionDate "2023.10.10"]
[SourceQuality "1"]

1. e4 e6 2. d4 d5 3. exd5 exd5 4. Nf3 Bd6 5. Bd3 Nc6 6. 0-0 Bg4 7. c3 Qd7 8. Re1+ Nge7 9. Nbd2 f6 10. Nf1 0-0-0 11. b4 g5 12. a4 h5 13. a5 Rde8 14. b5 Nd8 15. b6 cxb6 16. axb6 a6 17. Ne3 Be6 18. Nd2 g4 19. Nb3 h4 20. Nf1 Nec6 21. Ba3 g3 22. Bxd6 gxf2+ 23. Kxf2 Qxd6 24. Kg1 Kb8 25. Nc5 Bc8 26. Qd2 Ne6 0-1

[Event "Titled Tuesday intern op 07th Feb Early"]
[Site "Chess.com INT"]
[Date "2023.02.07"]
[Round "1"]
[White "Borges Feria, Yasel"]
[Black "Manukian, Artak"]
[Result "1-0"]
[WhiteElo "2439"]
[BlackElo "2196"]
[PlyCount "105"]
[EventDate "2023.02.07"]
[EventType "swiss (blitz)"]
[EventRounds "11"]
[EventCountry "USA"]
[SourceTitle "EXT 2024"]
[Source "ChessBase"]
[SourceDate "2023.10.10"]
[SourceVersion "1"]
[SourceVersionDate "2023.10.10"]
[SourceQuality "1"]

1. d4 d5 2. c4 dxc4 3. Nf3 Nf6 4. e3 e6 5. Bxc4 c5 6. 0-0 a6 7. b3 b5 8. Be2 Bb7 9. Bb2 Nc6 10. a4 b4 11. Nbd2 Be7 12. Rc1 cxd4 13. Nxd4 Nxd4 14. Bxd4 0-0 15. Bf3 Bxf3 16. Nxf3 Qd5 17. Bxf6 Qxd1 18. Rfxd1 Bxf6 19. Rc4 a5 20. Kf1 g5 21. Ke2 h5 22. h3 Kg7 23. g4 hxg4 24. hxg4 Rfc8 25. Rdc1 Rxc4 26. Rxc4 Ra6 27. Rc5 Kg6 28. Nd2 Bd8 29. Nc4 f6 30. Rc8 Be7 31. Rc7 Kf7 32. f4 gxf4 33. exf4 Ke8 34. Rb7 Bd8 35. f5 exf5 36. gxf5 Ra8 37. Kd3 Be7 38. Rb5 Bd8 39. Ke4 Ra7 40. Kf3 Rd7 41. Ke4 Re7+ 42. Kd4 Rd7+ 43. Rd5 Rh7 44. Nxa5 Rh4+ 45. Kd3 Rh3+ 46. Kc4 Rc3+ 47. Kxb4 Bxa5+ 48. Rxa5 Rf3 49. Rc5 Kd7 50. a5 Kd6 51. a6 Rxb3+ 52. Kxb3 Kxc5 53. a7 1-0

[Event "Titled Tuesday intern op 07th Feb Early"]
[Site "Chess.com INT"]
[Date "2023.02.07"]
[Round "5"]
[White "Horobetz, Graham"]
[Black "Borges Feria, Yasel"]
[Result "0-1"]
[WhiteElo "2134"]
[BlackElo "2439"]
[PlyCount "70"]
[EventDate "2023.02.07"]
[EventType "swiss (blitz)"]
[EventRounds "11"]
[EventCountry "USA"]
[SourceTitle "EXT 2024"]
[Source "ChessBase"]
[SourceDate "2023.10.10"]
[SourceVersion "1"]
[SourceVersionDate "2023.10.10"]
[SourceQuality "1"]

1. e4 e5 2. Nf3 Nc6 3. Bb5 a6 4. Ba4 Nf6 5. 0-0 Be7 6. Re1 b5 7. Bb3 d6 8. c3 0-0 9. a4 Bg4 10. h3 Bh5 11. d3 Re8 12. Nbd2 b4 13. a5 bxc3 14. bxc3 Na7 15. c4 Nd7 16. Ba4 c6 17. g4 Bg6 18. Nf1 Nc5 19. Be3 Qc7 20. Ng3 Rab8 21. Bxc5 dxc5 22. h4 f6 23. h5 Bf7 24. Nf5 Bf8 25. Qc1 Red8 26. Bc2 Nc8 27. Kg2 h6 28. N3h4 Nd6 29. Nxd6 Bxd6 30. Nf5 Bf8 31. Qa3 Rb4 32. Reb1 Rdb8 33. Qc3 R8b7 34. f3 Qb8 35. Kg3 Rxb1 0-1

[Event "Titled Tuesday intern op 31st Jan Late"]
[Site "Chess.com INT"]
[Date "2023.01.31"]
[Round "5"]
[White "Borges Feria, Yasel"]
[Black "Lizak, Peter"]
[Result "0-1"]
[WhiteElo "2439"]
[BlackElo "2418"]
[PlyCount "128"]
[EventDate "2023.01.31"]
[EventType "swiss (blitz)"]
[EventRounds "11"]
[EventCountry "USA"]
[SourceTitle "CBM 212 Extra"]
[Source "ChessBase"]
[SourceDate "2023.03.31"]
[SourceVersion "1"]
[SourceVersionDate "2023.03.31"]
[SourceQuality "1"]

1. e4 c6 2. d4 d5 3. e5 Bf5 4. h4 h6 5. g4 Bd7 6. c4 h5 7. gxh5 Nh6 8. Nc3 dxc4 9. Bxc4 Bg4 10. Be2 Bxe2 11. Ngxe2 e6 12. Qb3 Qb6 13. Qc4 Nf5 14. Be3 Rxh5 15. 0-0-0 Nd7 16. Ng3 Nxg3 17. fxg3 Qb4 18. Qe2 Rh8 19. a3 Qb3 20. Qc2 Qxc2+ 21. Kxc2 Nb6 22. g4 Nd5 23. Nxd5 cxd5 24. h5 Rc8+ 25. Kd3 f6 26. Rc1 Rxc1 27. Rxc1 Kd7 28. Rf1 Be7 29. exf6 gxf6 30. Rh1 Ke8 31. Bf4 Kd7 32. Rc1 Bd6 33. Bxd6 Kxd6 34. Rh1 Ke7 35. Ke3 a6 36. Kf4 Kf7 37. g5 fxg5+ 38. Kxg5 Rg8+ 39. Kf4 Rg2 40. h6 Kg8 41. Ke5 Re2+ 42. Kd6 Re4 43. h7+ Kh8 44. Kc5 a5 45. b4 a4 46. Rh3 b6+ 47. Kxb6 Rxd4 48. Kb5 e5 49. Kxa4 e4 50. Rh1 Rd3 51. b5 Rd2 52. Kb3 Rd3+ 53. Kb4 Rd2 54. Kc5 d4 55. Rc1 d3 56. b6 Rc2+ 57. Rxc2 dxc2 58. Kd6 c1Q 59. b7 Qb2 60. Kc7 e3 61. b8Q+ Qxb8+ 62. Kxb8 e2 63. a4 e1Q 64. a5 Qxa5 0-1

[Event "Titled Tuesday intern op 31st Jan Late"]
[Site "Chess.com INT"]
[Date "2023.01.31"]
[Round "9"]
[White "Gubajdullin, Alexey"]
[Black "Borges Feria, Yasel"]
[Result "0-1"]
[WhiteElo "2300"]
[BlackElo "2439"]
[PlyCount "82"]
[EventDate "2023.01.31"]
[EventType "swiss (blitz)"]
[EventRounds "11"]
[EventCountry "USA"]
[SourceTitle "CBM 212 Extra"]
[Source "ChessBase"]
[SourceDate "2023.03.31"]
[SourceVersion "1"]
[SourceVersionDate "2023.03.31"]
[SourceQuality "1"]

1. d4 Nf6 2. Nf3 e6 3. Bf4 b6 4. e3 Bb7 5. h3 c5 6. Be2 Be7 7. 0-0 0-0 8. a4 a6 9. Nbd2 Nc6 10. c3 d5 11. Ne5 Nxe5 12. Bxe5 Bd6 13. Bxd6 Qxd6 14. a5 b5 15. dxc5 Qxc5 16. Nb3 Qc7 17. Qd4 Rac8 18. Qb4 Rfd8 19. Rfd1 e5 20. Bf3 h6 21. Rd2 Qc4 22. Rad1 Rd7 23. e4 d4 24. Qa3 Bxe4 25. cxd4 Bxf3 26. gxf3 Re8 27. Rc1 Qe6 28. Nc5 Qc6 29. Nd3 Qxf3 30. Nxe5 Qxa3 31. bxa3 Rd6 32. Rc6 Red8 33. Rdc2 Rxd4 34. Rxa6 Re8 35. Nc6 Rd1+ 36. Kg2 Nd5 37. Rb6 Nf4+ 38. Kg3 g5 39. Nb4 Rg1+ 40. Kf3 Nxh3 41. a6 g4# 0-1

[Event "Titled Tuesday intern op 31st Jan Late"]
[Site "Chess.com INT"]
[Date "2023.01.31"]
[Round "10"]
[White "Simonian, Hrair"]
[Black "Borges Feria, Yasel"]
[Result "1/2-1/2"]
[WhiteElo "2431"]
[BlackElo "2439"]
[PlyCount "104"]
[EventDate "2023.01.31"]
[EventType "swiss (blitz)"]
[EventRounds "11"]
[EventCountry "USA"]
[SourceTitle "CBM 212 Extra"]
[Source "ChessBase"]
[SourceDate "2023.03.31"]
[SourceVersion "1"]
[SourceVersionDate "2023.03.31"]
[SourceQuality "1"]

1. e4 c6 2. d4 d5 3. exd5 cxd5 4. Bd3 Nc6 5. c3 Nf6 6. Bf4 g6 7. Nf3 Bf5 8. Ne5 Bxd3 9. Nxd3 Bg7 10. 0-0 0-0 11. Nd2 e6 12. Nf3 Rc8 13. Nfe5 Nd7 14. Nxd7 Qxd7 15. Qd2 b6 16. Bh6 Na5 17. Bxg7 Kxg7 18. Rae1 Nc4 19. Qg5 Qd8 20. Qg3 Qc7 21. Qh4 Nd2 22. f4 Nxf1 23. Rxf1 Qc4 24. Ne5 Qe2 25. Nd7 Qxb2 26. Qf6+ Kg8 27. Qe5 Rfd8 28. Nf6+ Kf8 29. Nxh7+ Ke8 30. Nf6+ Ke7 31. Qg5 Kd6 32. Ng4 Qxc3 33. Qf6 Rd7 34. h3 Qd3 35. Ne5 Qf5 36. Nxd7 Kxd7 37. Qg7 Rc2 38. Rf3 Kc6 39. Qf8 Kb7 40. Qe7+ Rc7 41. Qb4 Qc2 42. a3 Qc4 43. h4 Qe2 44. Kh2 a5 45. Qf8 Qe1 46. Rg3 Qd1 47. f5 Qxd4 48. fxg6 Qxh4+ 49. Rh3 Qf4+ 50. Rg3 Qh4+ 51. Rh3 Qf4+ 52. Rg3 Qh4+ 1/2-1/2

[Event "Titled Tuesday intern op 24th Jan Late"]
[Site "Chess.com INT"]
[Date "2023.01.24"]
[Round "8"]
[White "Borges Feria, Yasel"]
[Black "Hakobyan, Aram"]
[Result "1-0"]
[WhiteElo "2439"]
[BlackElo "2626"]
[PlyCount "139"]
[EventDate "2023.01.24"]
[EventType "swiss (blitz)"]
[EventRounds "11"]
[EventCountry "USA"]
[SourceTitle "EXT 2024"]
[Source "ChessBase"]
[SourceDate "2023.10.10"]
[SourceVersion "1"]
[SourceVersionDate "2023.10.10"]
[SourceQuality "1"]

1. d4 g6 2. e4 Bg7 3. Nc3 c5 4. dxc5 Bxc3+ 5. bxc3 Nf6 6. Bd3 Qa5 7. Ne2 Qxc5 8. 0-0 d6 9. Bh6 Nbd7 10. Qd2 b6 11. a4 Bb7 12. Ng3 Qc7 13. Kh1 Nc5 14. f3 Nfd7 15. Bb5 0-0-0 16. Rfb1 f6 17. Be3 h5 18. Nf1 h4 19. h3 f5 20. exf5 gxf5 21. a5 bxa5 22. c4 Ne5 23. Qxa5 Qxa5 24. Rxa5 Nxf3 25. Bxc5 dxc5 26. gxf3 Bxf3+ 27. Kg1 Rhg8+ 28. Kf2 Be4 29. Rxa7 Kb8 30. Ra3 Rg2+ 31. Ke3 Bxc2 32. Bc6+ Bxb1 33. Bxg2 Kc7 34. Ra7+ Kd6 35. Nd2 Bc2 36. Ra6+ Kc7 37. Rc6+ Kb8 38. Rxc5 Rd3+ 39. Ke2 Rg3 40. Bf1 f4 41. Kf2 Bd3 42. Bxd3 Rxd3 43. Nf3 Ra3 44. Re5 Ra2+ 45. Re2 Ra4 46. Rxe7 Rxc4 47. Re2 Rc3 48. Re4 Rc2+ 49. Re2 Rc3 50. Kg2 Kc7 51. Rf2 Kd6 52. Nxh4 Rg3+ 53. Kh2 Ke5 54. Re2+ Kf6 55. Rf2 Ke5 56. Ng2 Rg8 57. Nxf4 Ke4 58. Ng2 Ke5 59. Rf3 Ke4 60. Rg3 Rh8 61. h4 Rh7 62. Kh3 Rh8 63. Rg5 Ra8 64. Kg4 Ra2 65. Nf4 Rf2 66. Nh5 Rg2+ 67. Ng3+ Ke3 68. h5 Kf2 69. Kh3 Rg1 70. Ne4+ 1-0

[Event "Titled Tuesday intern op 24th Jan Late"]
[Site "Chess.com INT"]
[Date "2023.01.24"]
[Round "5"]
[White "Borges Feria, Yasel"]
[Black "Janaszak, Dawid"]
[Result "1-0"]
[WhiteElo "2439"]
[BlackElo "2322"]
[PlyCount "93"]
[EventDate "2023.01.24"]
[EventType "swiss (blitz)"]
[EventRounds "11"]
[EventCountry "USA"]
[SourceTitle "EXT 2024"]
[Source "ChessBase"]
[SourceDate "2023.10.10"]
[SourceVersion "1"]
[SourceVersionDate "2023.10.10"]
[SourceQuality "1"]

1. d4 d5 2. c4 e6 3. Nc3 c5 4. cxd5 exd5 5. Nf3 Nc6 6. dxc5 d4 7. Na4 Nf6 8. g3 Bxc5 9. Nxc5 Qa5+ 10. Qd2 Qxc5 11. a3 0-0 12. Bg2 Ne4 13. Qd1 Re8 14. 0-0 Bg4 15. h3 Bh5 16. b4 Qb6 17. Bb2 d3 18. e3 Rad8 19. g4 Bg6 20. Nd2 Nxd2 21. Qxd2 Be4 22. Qc3 f6 23. Qc4+ Kh8 24. Bxe4 d2 25. Rad1 a5 26. b5 Ne5 27. Bxe5 Rxe5 28. Bg2 Rxb5 29. Bf3 Rb2 30. Kg2 Qd6 31. a4 b6 32. Rb1 Qa3 33. Rxb2 Qxb2 34. Rd1 h6 35. Bd5 Qe5 36. Rxd2 h5 37. Rd4 h4 38. Qd3 b5 39. axb5 a4 40. Rxa4 Qxd5+ 41. Qxd5 Rxd5 42. Rb4 Rd7 43. b6 Rb7 44. Kf3 g5 45. Ke4 Kg7 46. Kd5 Kf7 47. Kc6 1-0

[Event "Titled Tuesday intern op 24th Jan Late"]
[Site "Chess.com INT"]
[Date "2023.01.24"]
[Round "9"]
[White "Borges Feria, Yasel"]
[Black "Makarian, Rudik"]
[Result "0-1"]
[WhiteElo "2439"]
[BlackElo "2562"]
[PlyCount "242"]
[EventDate "2023.01.24"]
[EventType "swiss (blitz)"]
[EventRounds "11"]
[EventCountry "USA"]
[SourceTitle "EXT 2024"]
[Source "ChessBase"]
[SourceDate "2023.10.10"]
[SourceVersion "1"]
[SourceVersionDate "2023.10.10"]
[SourceQuality "1"]

1. d4 Nf6 2. c4 e6 3. Nf3 d5 4. Nc3 dxc4 5. Qa4+ c6 6. Qxc4 b5 7. Qd3 a6 8. Bg5 c5 9. Rd1 Bb7 10. dxc5 Qxd3 11. Rxd3 Bxc5 12. g3 Nbd7 13. Bg2 h6 14. Bxf6 Nxf6 15. 0-0 Ke7 16. Rfd1 Rac8 17. Ne5 Bxg2 18. Kxg2 Rc7 19. Kf3 Rhc8 20. e3 Bb4 21. Ne4 Nd5 22. a3 Ba5 23. b4 Bb6 24. Ke2 f5 25. Ng6+ Kf7 26. Ne5+ Kg8 27. Nd6 Rd8 28. Rxd5 exd5 29. Nxf5 Rc2+ 30. Kf1 Kh7 31. Rd3 Rf8 32. g4 g6 33. Nd7 Rf7 34. Nxb6 gxf5 35. Nxd5 fxg4 36. Nf4 Ra2 37. Kg2 Rc7 38. Kg3 Rc1 39. Kxg4 Rxf2 40. Kf5 Rc7 41. Rd6 Rf7+ 42. Kg4 Rg7+ 43. Kf5 Rg5+ 44. Ke4 Rxh2 45. Rxa6 h5 46. Ra7+ Rg7 47. Ra5 Rb7 48. Ra6 h4 49. Kf3 Rg7 50. Rd6 Rg3+ 51. Ke4 Rh1 52. Rd5 Kh6 53. Rxb5 Rg5 54. Rb6+ Kh7 55. Rb7+ Rg7 56. Rb5 Re7+ 57. Kf3 Rf1+ 58. Kg2 Re1 59. Rh5+ Kg7 60. Rxh4 R1xe3 61. Rg4+ Kh6 62. Rg3 R3e4 63. Nh3 Re2+ 64. Nf2 Ra2 65. Rf3 Rg7+ 66. Rg3 Rc7 67. Rh3+ Kg5 68. Rg3+ Kf4 69. Rf3+ Ke5 70. Re3+ Kd4 71. Rd3+ Kc4 72. Rg3 Rf7 73. Rf3 Rh7 74. Rg3 Kb5 75. Rf3 Ka4 76. Rg3 Rd2 77. Rf3 Rhd7 78. Rg3 Rb2 79. Rf3 Rdd2 80. Kg3 Rd4 81. Kg2 Ra2 82. Kg3 Rxa3 83. Rxa3+ Kxa3 84. Kf3 Kxb4 85. Ke3 Rd7 86. Nd3+ Kc3 87. Nf4 Re7+ 88. Kf3 Kd4 89. Ne2+ Ke5 90. Ke3 Rh7 91. Ng1 Kf5 92. Kf3 Ra7 93. Ne2 Ra3+ 94. Kf2 Ke4 95. Ng3+ Kf4 96. Ne2+ Kg4 97. Nd4 Rd3 98. Ne2 Rf3+ 99. Ke1 Ra3 100. Kd2 Kf3 101. Nd4+ Ke4 102. Nc2 Rd3+ 103. Ke2 Rh3 104. Kd2 Rd3+ 105. Ke2 Rd8 106. Ne3 Ra8 107. Nc4 Ra2+ 108. Nd2+ Kd4 109. Ke1 Ke3 110. Nf1+ Kd3 111. Ng3 Rg2 112. Nf1 Re2+ 113. Kd1 Re7 114. Nd2 Ra7 115. Kc1 Ra1+ 116. Kb2 Ra8 117. Nb3 Rb8 118. Ka3 Kc3 119. Nc5 Ra8+ 120. Na4+ Kc4 121. Kb2 Rxa4 0-1

[Event "Titled Tuesday intern op 24th Jan Late"]
[Site "Chess.com INT"]
[Date "2023.01.24"]
[Round "4"]
[White "Borges Feria, Yasel"]
[Black "Musovic, Armin"]
[Result "1-0"]
[WhiteElo "2439"]
[BlackElo "2245"]
[PlyCount "87"]
[EventDate "2023.01.24"]
[EventType "swiss (blitz)"]
[EventRounds "11"]
[EventCountry "USA"]
[SourceTitle "EXT 2024"]
[Source "ChessBase"]
[SourceDate "2023.10.10"]
[SourceVersion "1"]
[SourceVersionDate "2023.10.10"]
[SourceQuality "1"]

1. d4 d5 2. c4 c5 3. cxd5 Nf6 4. dxc5 e6 5. Qa4+ Bd7 6. c6 bxc6 7. dxe6 Bxe6 8. Nf3 h6 9. Nc3 Bc5 10. e3 0-0 11. Be2 Bb6 12. 0-0 Nbd7 13. Rd1 Qc7 14. Qc2 Rac8 15. b3 Qb8 16. Ba3 Rfe8 17. Rd2 Ba5 18. Bb2 Bc7 19. Rad1 Ne5 20. h3 Nxf3+ 21. Bxf3 g5 22. Ne2 Bh2+ 23. Kh1 Be5 24. Bxe5 Qxe5 25. Ng3 g4 26. hxg4 Bxg4 27. Bxg4 Nxg4 28. Qf5 Qxf5 29. Nxf5 Re5 30. e4 c5 31. f3 Nf6 32. Nxh6+ Kh7 33. Nf5 Rg8 34. g4 Kg6 35. Kg2 c4 36. bxc4 Rb8 37. Kg3 Nxe4+ 38. fxe4 Rxe4 39. Rh1 Rb6 40. Rh6+ Kg5 41. Rh5+ Kg6 42. Rd6+ Rxd6 43. Nxd6 Rd4 44. Rd5 1-0

[Event "Titled Tuesday intern op 24th Jan Late"]
[Site "Chess.com INT"]
[Date "2023.01.24"]
[Round "7"]
[White "Odegov, Artem"]
[Black "Borges Feria, Yasel"]
[Result "0-1"]
[WhiteElo "2286"]
[BlackElo "2439"]
[PlyCount "78"]
[EventDate "2023.01.24"]
[EventType "swiss (blitz)"]
[EventRounds "11"]
[EventCountry "USA"]
[SourceTitle "EXT 2024"]
[Source "ChessBase"]
[SourceDate "2023.10.10"]
[SourceVersion "1"]
[SourceVersionDate "2023.10.10"]
[SourceQuality "1"]

1. d4 Nf6 2. c4 e6 3. Nc3 Bb4 4. Nf3 0-0 5. Bg5 h6 6. Bh4 c5 7. Rc1 b6 8. e3 Bb7 9. Be2 d6 10. 0-0 Bxc3 11. Rxc3 Qe7 12. dxc5 bxc5 13. Rd3 Rd8 14. Ne5 Be4 15. Rd2 Nbd7 16. Ng4 Nf8 17. Bxf6 gxf6 18. Nxh6+ Kg7 19. Ng4 f5 20. f3 Bb7 21. Nf2 Ng6 22. f4 Rab8 23. Bf3 Nh4 24. Bxb7 Qxb7 25. Nh3 d5 26. Qe1 Ng6 27. cxd5 Rxd5 28. Rc2 Rbd8 29. b3 Qb6 30. Ng5 Rd3 31. h4 Ne7 32. Nf3 Nd5 33. Re2 c4 34. Qg3+ Kf8 35. Kh2 Nxe3 36. Rfe1 Qd4 37. Ne5 Ng4+ 38. Kh1 Rxg3 39. Nxg4 Rxg4 0-1

[Event "Titled Tuesday intern op 24th Jan Late"]
[Site "Chess.com INT"]
[Date "2023.01.24"]
[Round "3"]
[White "Petrovic, Aleksa"]
[Black "Borges Feria, Yasel"]
[Result "0-1"]
[WhiteElo "2263"]
[BlackElo "2439"]
[PlyCount "64"]
[EventDate "2023.01.24"]
[EventType "swiss (blitz)"]
[EventRounds "11"]
[EventCountry "USA"]
[SourceTitle "EXT 2024"]
[Source "ChessBase"]
[SourceDate "2023.10.10"]
[SourceVersion "1"]
[SourceVersionDate "2023.10.10"]
[SourceQuality "1"]

1. d4 Nf6 2. c4 e6 3. Nf3 b6 4. g3 Bb7 5. Bg2 Bb4+ 6. Nbd2 0-0 7. 0-0 Be7 8. Qc2 d5 9. cxd5 exd5 10. Ne5 c5 11. dxc5 bxc5 12. Nb3 Na6 13. Rd1 h6 14. Be3 Rc8 15. Rac1 Re8 16. Qf5 Bf8 17. Nc4 g6 18. Qb1 Qe7 19. Nca5 Ba8 20. Bh3 Rc7 21. Bf4 Rd7 22. Bxd7 Qxd7 23. Nc4 Qh3 24. Ne5 d4 25. f3 g5 26. Nd3 Rxe2 27. Nf2 Rxf2 28. Kxf2 Qxh2+ 29. Ke1 gxf4 30. Rd2 Qxg3+ 31. Kd1 Bxf3+ 32. Kc2 Nb4# 0-1

[Event "Titled Tuesday intern op 24th Jan Late"]
[Site "Chess.com INT"]
[Date "2023.01.24"]
[Round "10"]
[White "Sukandar, Irine Kharisma"]
[Black "Borges Feria, Yasel"]
[Result "1-0"]
[WhiteElo "2395"]
[BlackElo "2439"]
[PlyCount "81"]
[EventDate "2023.01.24"]
[EventType "swiss (blitz)"]
[EventRounds "11"]
[EventCountry "USA"]
[SourceTitle "EXT 2024"]
[Source "ChessBase"]
[SourceDate "2023.10.10"]
[SourceVersion "1"]
[SourceVersionDate "2023.10.10"]
[SourceQuality "1"]

1. d4 Nf6 2. Bf4 e6 3. e3 b6 4. Nd2 Bb7 5. Ngf3 Be7 6. Bd3 c5 7. c3 cxd4 8. exd4 d6 9. a4 a6 10. 0-0 0-0 11. Qe2 Re8 12. h3 Nbd7 13. Bh2 Bf8 14. Ng5 h6 15. Nge4 Nxe4 16. Nxe4 Nf6 17. Rfe1 Nxe4 18. Bxe4 Bxe4 19. Qxe4 b5 20. axb5 axb5 21. Qc6 b4 22. cxb4 Rc8 23. Qa6 Rb8 24. Ra4 Qb6 25. Qxb6 Rxb6 26. d5 e5 27. Bf4 Reb8 28. Bd2 Be7 29. Bc3 g6 30. Ra7 Kf8 31. f4 R6b7 32. Rxb7 Rxb7 33. fxe5 dxe5 34. Bxe5 Bxb4 35. Ra1 Ke7 36. Ra6 h5 37. Kf1 Bc5 38. Ke2 Rb5 39. Kd3 Bf2 40. Kc4 Rxd5 41. Kxd5 1-0

[Event "Titled Tuesday intern op 17th Jan Late"]
[Site "Chess.com INT"]
[Date "2023.01.17"]
[Round "4"]
[White "Bilan, Danila"]
[Black "Borges Feria, Yasel"]
[Result "0-1"]
[WhiteElo "2303"]
[BlackElo "2439"]
[PlyCount "102"]
[EventDate "2023.01.17"]
[EventType "swiss (blitz)"]
[EventRounds "11"]
[EventCountry "USA"]
[SourceTitle "CBM 212 Extra"]
[Source "ChessBase"]
[SourceDate "2023.03.31"]
[SourceVersion "1"]
[SourceVersionDate "2023.03.31"]
[SourceQuality "1"]

1. d4 Nf6 2. Nf3 e6 3. g3 b5 4. Bg2 d5 5. 0-0 Bb7 6. Bf4 Bd6 7. c3 0-0 8. Nbd2 Nbd7 9. Ne5 Nb6 10. e3 Ne8 11. h4 a5 12. Qe2 c5 13. h5 h6 14. Qg4 Nf6 15. Qh3 Nc4 16. Ndxc4 bxc4 17. g4 Nh7 18. Qh2 cxd4 19. exd4 Be7 20. Bg3 Ra6 21. f4 Rb6 22. Rf2 Bf6 23. Bh3 Bxe5 24. dxe5 d4 25. Bg2 Bxg2 26. Qxg2 d3 27. Rd2 a4 28. a3 Rb5 29. Bf2 Qd5 30. Bd4 Qxg2+ 31. Kxg2 Rfb8 32. Ra2 Nf8 33. Kf3 Nd7 34. Ke4 Kf8 35. g5 hxg5 36. fxg5 f6 37. gxf6 gxf6 38. Rf2 f5+ 39. Kf4 Kf7 40. Rg2 Rg8 41. Rh2 Rg4+ 42. Ke3 Nxe5 43. Bxe5 Rxe5+ 44. Kf3 Ree4 45. Ra1 Ref4+ 46. Ke3 Re4+ 47. Kf3 Rh4 48. Rah1 Rxh2 49. Rxh2 Kg7 50. h6+ Kh7 51. Kg3 Re2 0-1

[Event "Titled Tuesday intern op 17th Jan Early"]
[Site "Chess.com INT"]
[Date "2023.01.17"]
[Round "7"]
[White "Borges Feria, Yasel"]
[Black "Esipenko, Andrey"]
[Result "0-1"]
[WhiteElo "2439"]
[BlackElo "2675"]
[PlyCount "90"]
[EventDate "2023.01.17"]
[EventType "swiss (blitz)"]
[EventRounds "11"]
[EventCountry "USA"]
[SourceTitle "CBM 212 Extra"]
[Source "ChessBase"]
[SourceDate "2023.03.31"]
[SourceVersion "1"]
[SourceVersionDate "2023.03.31"]
[SourceQuality "1"]

1. d4 Nf6 2. c4 e6 3. Nf3 b6 4. g3 Ba6 5. b3 Bb4+ 6. Bd2 Be7 7. Bg2 0-0 8. 0-0 d5 9. cxd5 exd5 10. Re1 Nbd7 11. Bc3 Ne4 12. Bb2 Bb4 13. Rf1 Re8 14. a3 Bd6 15. Re1 Ndf6 16. Ne5 Bxe5 17. dxe5 Ng4 18. f3 Ne3 19. Qc1 Nxg2 20. Kxg2 Nc5 21. Nd2 d4 22. b4 Na4 23. f4 Qd5+ 24. Nf3 c5 25. e3 dxe3 26. Rxe3 Rad8 27. Qc2 Bb7 28. Rae1 Qd2+ 29. R1e2 Qxc2 30. Rxc2 Rd1 31. bxc5 bxc5 32. Kf2 Red8 33. Bc1 h6 34. Ne1 Bc8 35. Ree2 Be6 36. Red2 R8xd2+ 37. Bxd2 Bb3 38. Ke2 Rxe1+ 39. Bxe1 Bxc2 40. Kd2 Bf5 41. Bf2 Kf8 42. Ke3 Ke7 43. Kf3 h5 44. Ke3 Ke6 45. Kd2 Kd5 0-1

[Event "Titled Tuesday intern op 10th Jan Early"]
[Site "Chess.com INT"]
[Date "2023.01.10"]
[Round "5"]
[White "Borges Feria, Yasel"]
[Black "Goltseva, Ekaterina"]
[Result "1-0"]
[WhiteElo "2439"]
[BlackElo "2280"]
[PlyCount "109"]
[EventDate "2023.01.10"]
[EventType "swiss (blitz)"]
[EventRounds "11"]
[EventCountry "USA"]
[SourceTitle "EXT 2024"]
[Source "ChessBase"]
[SourceDate "2023.10.10"]
[SourceVersion "1"]
[SourceVersionDate "2023.10.10"]
[SourceQuality "1"]

1. d4 Nf6 2. c4 e6 3. Nf3 d5 4. cxd5 exd5 5. Nc3 c6 6. Bg5 Be7 7. e3 Nbd7 8. Bd3 Nf8 9. Qc2 g6 10. 0-0-0 Ne6 11. Bh4 Ng7 12. Ne5 Bf5 13. Kb1 Bxd3 14. Qxd3 Nf5 15. Bxf6 Bxf6 16. f4 h5 17. g3 Qe7 18. Rhe1 0-0-0 19. Na4 Nd6 20. Nc5 Bxe5 21. fxe5 Nc4 22. Rc1 f6 23. exf6 Qxf6 24. e4 Rhf8 25. e5 Qf5 26. Qxf5+ Rxf5 27. Re2 b6 28. Ne6 Rg8 29. b3 Na5 30. Nf4 Kd7 31. Rd1 h4 32. Rg1 hxg3 33. hxg3 Ke7 34. Kc2 Nb7 35. Kd3 Nd8 36. Ke3 Ne6 37. Nxe6 Kxe6 38. g4 Rf7 39. Rf2 Rgf8 40. Rxf7 Rxf7 41. Rh1 Rg7 42. Rh8 c5 43. Re8+ Kd7 44. Ra8 Ke6 45. Rf8 Ke7 46. Rf6 g5 47. Rd6 cxd4+ 48. Kxd4 Rf7 49. Kxd5 Rf4 50. Rg6 Rxg4 51. Rg7+ Kf8 52. Rxa7 Rg2 53. Ke6 Rf2 54. Ra4 Re2 55. Rg4 1-0